MTG Color Identities - Statistics

General Stats
  • This quiz has been taken 51 times
  • The average score is 17 of 25
Answer Stats
Hint Answer % Correct
Red/Green Gruul
97%
Red/Black Rakdos
97%
Blue/Black Dimir
95%
Blue/Red Izzet
95%
White/Blue Azorius
92%
White/Red Boros
89%
Green/White Selesnya
89%
Green/Blue Simic
89%
White/Black Orzhov
86%
Green/Black Golgari
84%
White/Blue/Red Jeskai
76%
White/Black/Green Abzan
73%
White/Black/Red Mardu
73%
Black/Green/Red Jund
68%
Blue/Green/Red Temur
68%
Blue/Red/Black Grixis
65%
White/Blue/Green Bant
62%
White/Blue/Black Esper
62%
Blue/Black/Green Sultai
62%
White/Red/Green Naya
59%
Black/Green/Blue/White Witch
35%
Green/Red/Blue/White Ink
32%
Black/Red/White/Blue Yore
32%
Black/Green/Red/Blue Glint
24%
Black/Green/Red/White Dune
19%
No matching quizzes found
Score Distribution
Percent of People with Each Score
Percentile by Number Answered
Your Score History
You have not taken this quiz